000 00850nac a22002051u 4500
008 120509t xxu||||| |||| 00| 0 eng d
010 _a2003070540
082 0 0 _a620.11
_bCAL
100 _aCallister, William D.,
_929972
245 1 0 _aFundamentals of materials science and engineering :
_ban integrated approach /
_cWilliam D. Callister, Jr.
250 _a2nd ed.
260 _aHoboken, NJ :
_bJohn Wiley & Sons,
_cc2005.
300 _a1 v. (various pagings) :
_bill. ;
_c27 cm. +
_e1 CD-ROM (4 3/4 in.)
504 _aIncludes bibliographical references and index.
650 0 _aMaterials.
_929973
_2BUEsh
651 _2BUEsh
856 4 2 _3Publisher description
_uhttp://www.loc.gov/catdir/description/wiley041/2003070540.html
856 4 2 _3Table of contents
_uhttp://www.loc.gov/catdir/toc/wiley041/2003070540.html
942 _cBB
_k620.11C162
_2ddc
999 _c848
_d848